01105 2200349 4500001002100000005001500021035002000036007000300056008004100059020002200100040002200122082001500144084001500159090002200174100004000196245008500236250003400321300004300355500004900398650001200447850001200459504002900471264005400500336002100554337003000575338002300605999002200628700004300650990002200693990002000715990002000735INLIS00000000085268920220906102839 a0010-1119000097ta191104s2018 yoi g ind d a978-602-386-168-2 aYOPDYOGbinderda04223a616.93 a616.93 PED aCB-D.11 2018-3383 aTri Baskoro Tunggul Satotoepenulis12aPedoman diagnostik mikroskopis malaria /cpenyunting, Tri Baskoro Tunggul Satoto aCetakan pertama: Oktober 2018 aviii, 106 halaman :bilustasi ;c21 cm aDiterbitkan bekerjasama dengan Anggota IKAPI 4aMalaria aYOPDYOG aBibliografi: halaman 104 aYogyakarta :bGadjah Mada University Press,c2018 2rdacontentateks 2rdamediaatanpa perantara 2rdacarrieravolume aCB-D.11/2018-33830 aTri Baskoro Tunggul Satotoepenyunting aCB-D.11/2018-3383 a46419-PD/B.2022 a46420-PD/B.2022